000 01296nam0a22003371 4500
001 v19\rc\1900401
005 20251118180514.0
035 _a(NLR Aleph) 004990788
090 _a6283763
_c6283763
100 _a20251123 rusy50
101 0 _arus
102 _aRU
105 _aa z |||||
200 1 _aБеседы о способах определения орбит комет и планет по малому числу наблюдений
_fА.Н. Крылов
210 _aСанкт-Петербург
_cтип. Акад. наук
_d1911
215 _a[2], 161 с.
_cчерт.
_d27
311 _aОтт. из "Изв. Николаев. мор. акад." № 1, 1911 г.
488 0 _12001#$aИзвестия Николаевской морской академии$v1911, № 1
_tИзвестия Николаевской морской академии
700 1 _aКрылов
_bА.Н.
_f1863-1945
_gАлексей Николаевич
801 0 _aRU
_bNLR
_gpsbo
801 0 _aRU
_bRuMoRGB
_2psbo
801 1 _aRU
_bProSoft-M
_2rusmarc
852 _aNLR
_jА02 Б-7/7
899 _aRuMoRGB
_jU 229/405
899 _aRuMoRGB
_jU 487/558
899 _aБАН
899 _aНБ СПбГУ
899 _aНБ МГУ
942 _cBOOK
980 _aNB